00413 2200169 4500001002100000005001700021008004100038035002900079090001400108100001300122245001800135250001000153260003300163300001900196650001000215990001800225INLIS00000000002382320150422125509.0  a##a0010-041500000000056 a700 Koe p aKoesnoen aPentjak Silat aCet 1 aBandungbSumur Bandungc1963 a84 hlm ; 21 cm aSilat a6172/per/2015